(Record no. 11970)

MARC details
000 -LEADER
fixed length control field 00585nam a2200229Ia 4500
003 - CONTROL NUMBER IDENTIFIER
control field OSt
005 - DATE AND TIME OF LATEST TRANSACTION
control field 20220912144545.0
008 - FIXED-LENGTH DATA ELEMENTS--GENERAL INFORMATION
fixed length control field 220909b |||||||| |||| 00| 0 eng d
020 ## - INTERNATIONAL STANDARD BOOK NUMBER
International Standard Book Number Sage
020 ## - INTERNATIONAL STANDARD BOOK NUMBER
International Standard Book Number xxiii, 462p.
020 ## - INTERNATIONAL STANDARD BOOK NUMBER
International Standard Book Number 2015
020 ## - INTERNATIONAL STANDARD BOOK NUMBER
International Standard Book Number New Delhi
040 ## - CATALOGING SOURCE
Original cataloging agency CSL
Language of cataloging eng
Transcribing agency CSL
250 ## - EDITION STATEMENT
Edition statement B28, Q5 TB
260 ## - PUBLICATION, DISTRIBUTION, ETC.
Place of publication, distribution, etc. CSL
Name of publisher, distributor, etc. eng
Date of publication, distribution, etc. Textual
300 ## - PHYSICAL DESCRIPTION
Extent TEXL
650 ## - SUBJECT ADDED ENTRY--TOPICAL TERM
Topical term or geographic name entry element Author index 451-454p.; Subject index 455-462p.

No items available.

Copyright @ Delhi University Library System